Wonderful ecosystems / (Record no. 9058)

MARC details
000 -LEADER
fixed length control field 02277cam a22004337a 4500
001 - CONTROL NUMBER
control field 9058
003 - CONTROL NUMBER IDENTIFIER
control field FISKH
005 - DATE AND TIME OF LATEST TRANSACTION
control field 20251118112237.0
008 - FIXED-LENGTH DATA ELEMENTS--GENERAL INFORMATION
fixed length control field 120221s2011 enka 000 0 eng d
010 ## - LIBRARY OF CONGRESS CONTROL NUMBER
LC control number 2012359899
020 ## - INTERNATIONAL STANDARD BOOK NUMBER
International Standard Book Number 9780194645669
Qualifying information pbk.
020 ## - INTERNATIONAL STANDARD BOOK NUMBER
International Standard Book Number 0194645665
Qualifying information pbk.
020 ## - INTERNATIONAL STANDARD BOOK NUMBER
International Standard Book Number 9780194646062
Qualifying information audio CD pack
020 ## - INTERNATIONAL STANDARD BOOK NUMBER
International Standard Book Number 9780194645669
020 ## - INTERNATIONAL STANDARD BOOK NUMBER
International Standard Book Number 0194646068
Qualifying information audio CD pack
020 ## - INTERNATIONAL STANDARD BOOK NUMBER
International Standard Book Number 9780194645768
Qualifying information activity book
020 ## - INTERNATIONAL STANDARD BOOK NUMBER
International Standard Book Number 0194645762
Qualifying information activity book
020 ## - INTERNATIONAL STANDARD BOOK NUMBER
International Standard Book Number 0194645150
Qualifying information activity book
020 ## - INTERNATIONAL STANDARD BOOK NUMBER
International Standard Book Number 9780194645157
Qualifying information activity book
040 ## - CATALOGING SOURCE
Original cataloging agency CaONFJC
Language of cataloging eng
Transcribing agency CDX
Modifying agency DLC
042 ## - AUTHENTICATION CODE
Authentication code lccopycat
050 00 - LIBRARY OF CONGRESS CALL NUMBER
Classification number QH541.14
Item number .S6828 2011
082 04 - DEWEY DECIMAL CLASSIFICATION NUMBER
Classification number 577
Edition number 23
100 1# - MAIN ENTRY--PERSONAL NAME
Personal name Spilsbury, Louise.
245 10 - TITLE STATEMENT
Title Wonderful ecosystems /
Statement of responsibility, etc. Louise & Richard Spilsbury.
260 ## - PUBLICATION, DISTRIBUTION, ETC.
Place of publication, distribution, etc. New York :
Name of publisher, distributor, etc. Oxford University Press,
Date of publication, distribution, etc. 2011.
300 ## - PHYSICAL DESCRIPTION
Extent 56 pages :
Other physical details color illustrations ;
Dimensions 21 cm
490 1# - SERIES STATEMENT
Series statement Oxford read and discover :
Volume/sequential designation Level 6
520 ## - SUMMARY, ETC.
Summary, etc. Read and discover all about wonderful ecosystems on Earth ... How are polar bears adapted to living in a frozen ecosystem? What are decomposers?This exciting new series of non-fiction readers provides interesting and educational content, with activities and project work. The readers are graded at four levels, from 3 to 6, suitable for students from age 8 and older. They can support Content and Language Integrated Learning (CLIL), and covera broad range of topics, within three curriculum areas:The World of Science and TechnologyThe Natural WorldThe World of Arts and Social StudiesAlso available for each reader:* Activity Book* Audio CD Pack (Reader and Audio CD)* Teacher's Notes and CLIL guidance at www.oup.com/elt/readanddiscoverThe Activity Book includes 16 pages of chapter-linked activities followed by after-reading whole book activities and a book review; focus on content, vocabulary, and grammar.
650 #0 - SUBJECT ADDED ENTRY--TOPICAL TERM
Topical term or geographic name entry element Biotic communities.
650 #0 - SUBJECT ADDED ENTRY--TOPICAL TERM
Topical term or geographic name entry element Ecology.
650 #0 - SUBJECT ADDED ENTRY--TOPICAL TERM
Topical term or geographic name entry element Readers (Elementary)
650 #0 - SUBJECT ADDED ENTRY--TOPICAL TERM
Topical term or geographic name entry element Reading comprehension
Form subdivision Problems, exercises, etc.
650 #0 - SUBJECT ADDED ENTRY--TOPICAL TERM
Topical term or geographic name entry element English language
Form subdivision Textbooks for foreign speakers.
700 1# - ADDED ENTRY--PERSONAL NAME
Personal name Spilsbury, Richard,
Dates associated with a name 1963-
Relator term Author
906 ## - LOCAL DATA ELEMENT F, LDF (RLIN)
a 7
b cbc
c copycat
d 2
e ncip
f 20
g y-gencatlg
942 ## - ADDED ENTRY ELEMENTS (KOHA)
Source of classification or shelving scheme Dewey Decimal Classification
Koha item type Books
Suppress in OPAC No
Holdings
Withdrawn status Lost status Source of classification or shelving scheme Damaged status Not for loan Collection Home library Current library Shelving location Date acquired Total Checkouts Full call number Barcode Date last seen Copy number Price effective from Koha item type
    Dewey Decimal Classification     Non-Fiction Footprints International School Library Network Toul Tom Poung Campus Footprints International School Library Network Toul Tom Poung Campus TTP Secondary Non-Fiction Bookshelves 11/18/2025   SPI 577 QH541.S6828 FIS01360 11/18/2025 1 11/18/2025 Books